Computational differential equations (Record no. 79635)

MARC details
000 -LEADER
fixed length control field 01270nam a2200253 a 4500
008 - FIXED-LENGTH DATA ELEMENTS--GENERAL INFORMATION
fixed length control field 120416s1996 ||||||||||||||||| || u
020 ## - INTERNATIONAL STANDARD BOOK NUMBER
International Standard Book Number 0521567386
020 ## - INTERNATIONAL STANDARD BOOK NUMBER
International Standard Book Number 0521563127
050 ## - LIBRARY OF CONGRESS CALL NUMBER
Classification number QA 371 Com
100 ## - MAIN ENTRY--PERSONAL NAME
Personal name Eriksson, K. (Kenneth)
245 10 - TITLE STATEMENT
Title Computational differential equations
260 ## - PUBLICATION, DISTRIBUTION, ETC.
Place of publication, distribution, etc. Cambridge:
Name of publisher, distributor, etc. Cambridge University Press
Date of publication, distribution, etc. 1996
300 ## - PHYSICAL DESCRIPTION
Extent xvi, 538p.: ill.
350 ## -
-- 0.00
500 ## - GENERAL NOTE
General note Includes bibliographical references (p. 529-530) and index.
650 #0 - SUBJECT ADDED ENTRY--TOPICAL TERM
Topical term or geographic name entry element MATHEMATICS--HANDBOOKS, MANUALS, ETC
650 ## - SUBJECT ADDED ENTRY--TOPICAL TERM
Topical term or geographic name entry element DIFFERENTIAL EQUATIONS--PROBLEMS, EXERCISES, ETC.
650 ## - SUBJECT ADDED ENTRY--TOPICAL TERM
Topical term or geographic name entry element DIFFERENTIAL EQUATIONS--DATA PROCESSING
856 ## - ELECTRONIC LOCATION AND ACCESS
Uniform Resource Identifier http://www.loc.gov/catdir/description/cam028/96226100.html
856 ## - ELECTRONIC LOCATION AND ACCESS
Uniform Resource Identifier http://www.loc.gov/catdir/toc/cam026/96226100.html
995 ## -
-- MAIN LIBRARY OPEN ACCESS
-- 0.00
-- 728965
-- CBU-MAIN LIBRARY (Kitwe)
-- 1
-- 0.00
-- QA 371 Com
-- 3
-- AVAILABLE
-- 020992
-- Main Library Open Access Collection
995 ## -
-- ANNEX COLLECTION (Main Library)
-- 0.00
-- 735985
-- CBU-MAIN LIBRARY (Kitwe)
-- 1
-- 0.00
-- QA 371 Com
-- 1
-- AVAILABLE
-- 38777
-- Annex Low-Usage Collection
995 ## -
-- ANNEX COLLECTION (Main Library)
-- 0.00
-- 731054
-- CBU-MAIN LIBRARY (Kitwe)
-- 2
-- 0.00
-- QA 371 Com
-- 2
-- AVAILABLE
-- 028176
-- Annex Low-Usage Collection
999 ## -
-- 79635
-- 79635
Holdings
Withdrawn status Lost status Source of classification or shelving scheme Damaged status Not for loan Permanent Location Current Location Shelving location Date acquired Total Checkouts Full call number Barcode Date last seen Copy number Price effective from Koha item type
          CBU-MAIN LIBRARY, KITWE. CBU-MAIN LIBRARY, KITWE.   06/29/2023   QA 371 Com 020992 06/29/2023 1 06/29/2023 MONOGRAPH
          CBU-MAIN LIBRARY, KITWE. CBU-MAIN LIBRARY, KITWE.   06/29/2023   QA 371 Com 38777 06/29/2023 2 06/29/2023 MONOGRAPH
          CBU-MAIN LIBRARY, KITWE. CBU-MAIN LIBRARY, KITWE.   06/29/2023   QA 371 Com 028176 06/29/2023 3 06/29/2023 MONOGRAPH